000 00379pab a2200157 454500
008 180718b2000 xxu||||| |||| 00| 0 eng d
100 _aPrasad, H.Y. Sharada
245 _aThe constitution long before the review
260 _c2000
300 _ap.M-5
362 _a12 Mar
650 _aIndia - Constitution
650 _aConstitutions
773 _aTribune
909 _a45066
999 _c45066
_d45066